Physical activity & behavioral medicine / (Record no. 4876)

MARC details
000 -LEADER
fixed length control field 01399cam a2200337 a 4500
001 - CONTROL NUMBER
control field 4980187
003 - CONTROL NUMBER IDENTIFIER
control field OSt
005 - DATE AND TIME OF LATEST TRANSACTION
control field 20160726184953.0
008 - FIXED-LENGTH DATA ELEMENTS--GENERAL INFORMATION
fixed length control field 980529s1999 caua b 001 0 eng
010 ## - LIBRARY OF CONGRESS CONTROL NUMBER
LC control number 98025362
020 ## - INTERNATIONAL STANDARD BOOK NUMBER
International Standard Book Number 0803959966 (cloth : acid-free paper)
020 ## - INTERNATIONAL STANDARD BOOK NUMBER
International Standard Book Number 0803959974 (paper : acid-free paper)
040 ## - CATALOGING SOURCE
Original cataloging agency DLC
Transcribing agency DLC
Modifying agency DLC
082 ## - DEWEY DECIMAL CLASSIFICATION NUMBER
Classification number WB 460
Item number S34p 1999
100 1# - MAIN ENTRY--PERSONAL NAME
Personal name Sallis, James F.
9 (RLIN) 10476
245 10 - TITLE STATEMENT
Title Physical activity & behavioral medicine /
Statement of responsibility, etc. James F. Sallis, Neville Owen.
246 3# - VARYING FORM OF TITLE
Title proper/short title Physical activity and behavioral medicine
260 ## - PUBLICATION, DISTRIBUTION, ETC. (IMPRINT)
Place of publication, distribution, etc. Thousand Oaks, Calif. :
Name of publisher, distributor, etc. Sage Publications,
Date of publication, distribution, etc. 1999.
300 ## - PHYSICAL DESCRIPTION
Extent xxvii, 210 p. :
Other physical details ill. ;
Dimensions 24 cm.
440 #0 - SERIES STATEMENT/ADDED ENTRY--TITLE
Title Behavioral medicine and health psychology series ;
Volume/sequential designation v. 3
9 (RLIN) 10477
504 ## - BIBLIOGRAPHY, ETC. NOTE
Bibliography, etc Includes bibliographical references (p. 185-204) and index.
650 #0 - SUBJECT ADDED ENTRY--TOPICAL TERM
Topical term or geographic name as entry element Medicine and psychology.
9 (RLIN) 10478
650 #0 - SUBJECT ADDED ENTRY--TOPICAL TERM
Topical term or geographic name as entry element Physical fitness
General subdivision Physiological aspects.
9 (RLIN) 10479
650 #0 - SUBJECT ADDED ENTRY--TOPICAL TERM
Topical term or geographic name as entry element Physical fitness
General subdivision Psychological aspects.
9 (RLIN) 10480
650 #0 - SUBJECT ADDED ENTRY--TOPICAL TERM
Topical term or geographic name as entry element Health.
9 (RLIN) 2172
700 1# - ADDED ENTRY--PERSONAL NAME
Personal name Owen, Neville.
9 (RLIN) 10481
856 42 - ELECTRONIC LOCATION AND ACCESS
Materials specified Publisher description
Uniform Resource Identifier http://www.loc.gov/catdir/enhancements/fy0656/98025362-d.html
906 ## - LOCAL DATA ELEMENT F, LDF (RLIN)
a 7
b cbc
c orignew
d 1
e ocip
f 19
g y-gencatlg
942 ## - ADDED ENTRY ELEMENTS (KOHA)
Source of classification or shelving scheme Other/Generic Classification Scheme
Koha item type Open Shelf
Holdings
Withdrawn status Lost status Source of classification or shelving scheme Damaged status Not for loan Home library Current library Date acquired Source of acquisition Inventory number Total Checkouts Full call number Barcode Date last seen Price effective from Koha item type
    Other/Generic Classification Scheme     MUST Main Library MUST Main Library 26/07/2016   2006/26185   WB 460 S34p 1999 2016-3456 26/07/2016 26/07/2016 Open Shelf